000 00327nam a2200133Ia 4500
100 _aReitz/ J.R. & others
942 _cBK
654 _aElectromagnectic Theory
245 _aFoundation of Electromagnectic Theory
260 _bNarosa Pub House
_aNew Delhi
_c1979
082 _a530.141
_bPAN
546 _aENGLISH
999 _c35080
_d35080